00720 2200253 4500001002100000005001500021035002500036090001800061245009000079260003100169300002400200008004100224082001400265084001600279100001800295650001800313650004200331500003200373040001700405850001200422041000800434990001200442990001200454YOGYA00000000004608720180910052540 a0010-081400000045805 aL 304.6 HOC p1 aPeraturan-peraturan Tjatatan Sipil di Indonesia :b(burgerlijk stand) /cLie Oen Hock3 aDjakarta :bKeng Po,c1953 a96 halaman ;c16 cm180910 g 0 ind 04223a304.6 a304.6 HOC p3 aHock, Lie Oen 4aCatatan Sipil 4aUndang-undang dan Peraturan-peraturan aTeks dalam bahasa Indonesia aYOPDYOGbind aYOPDYOG0 aind a39913-b a39913-b